Κατάλογος Βιβλιοθηκών Mediterranean College

The Entropy Exhibition / Michael Moorcock and the British ''New Wave'' in Science Fiction (Record no. 5584)

MARC details
000 -LEADER
fixed length control field 01218cam a22002054a 4500
005 - ΗΜΕΡΟΜΗΝΙΑ ΚΑΙ ΩΡΑ ΤΕΛΕΥΤΑΙΑΣ ΕΝΗΜΕΡΩΣΗΣ
Πεδίο ελέγχου 20250605164216.0
008 - FIXED-LENGTH DATA ELEMENTS--GENERAL INFORMATION
Πεδίο ελέγχου σταθερού μήκους 250528s ||||||||||||||||||||||||d
035 ## - SYSTEM CONTROL NUMBER
System control number 20480
020 ## - ISBN
ISBN 710093101
040 ## - ΠΗΓΗ ΚΑΤΑΛΟΓΟΓΡΑΦΗΣΗΣ
Φορέας πρωτότυπης καταλογογράφησης MC Athens Campus Library
Γλώσσα καταλογογράφησης Ελληνικά, Μοντέρνα (1453-)
Modifying agency MC Athens Campus Library
Κανόνες περιγραφικής καταλογογράφησης AACR2
245 1# - ΤΙΤΛΟΣ ΚΑΙ ΔΗΛΩΣΗ ΥΠΕΥΘΥΝΟΤΗΤΑΣ
Τίτλος The Entropy Exhibition / Michael Moorcock and the British ''New Wave'' in Science Fiction
260 ## - PUBLICATION, DISTRIBUTION, ETC.
Name of publisher, distributor, etc. Routledge & Kegan Paul,
Date of publication, distribution, etc. 1983
300 ## - PHYSICAL DESCRIPTION
Extent 246
505 0# - FORMATTED CONTENTS NOTE
Formatted contents note Preface, Acknowledgements, The Cybernetic Cuckoos, The ''Field'' and the ''Wave'', Love Among the Mannequins, Pulling Out the Space Race, Footholds in the Head, The Work of Brian W. Aldiss, The Works of J. G. Ballard, The Works of Michael Moorcock, Angst and Angstroms, A Higher Albedo, No more with Feeling, Notes, Bibliography, Index.
520 ## - SUMMARY, ETC.
Summary, etc. Preface, Acknowledgements, The Cybernetic Cuckoos, The ''Field'' and the ''Wave'', Love Among the Mannequins, Pulling Out the Space Race, Footholds in the Head, The Work of Brian W. Aldiss, The Works of J. G. Ballard, The Works of Michael Moorcock, Angst and Angstroms, A Higher Albedo, No more with Feeling, Notes, Bibliography, Index.
700 1# - ΠΡΟΣΘΕΤΗ ΑΝΑΓΡΑΦΗ--ΦΥΣΙΚΟ ΠΡΟΣΩΠΟ
Personal name Greenland Colin
9 (RLIN) 6462
942 ## - ADDED ENTRY ELEMENTS (KOHA)
Koha item type Books
Holdings
Τύπος τεκμηρίου Βιβλιοθήκη Τρέχουσα τοποθεσία Barcode Αριθμός εισαγωγής Ημερομηνία απόκτησης Ταξιθετικό σύμβολο Αριθμός αντιτύπου Κατάσταση απόσυρσης Κατάσταση χαμένου Κατάσταση κατεστραμμένου Μη δανεισμός Σύνολο δανεισμών Ημερομηνία τελευταίας εμφάνισης Η τιμή ισχύει από
Books MC Athens Campus Library MC Athens Campus Library 9780000055835 6956 05/06/2025 823/.0876/09 GRE 1           05/06/2025 05/06/2025

MC Athens Campus Library
Πατησίων 94 & Κοδριγκτώνος 13, 104 34
Πελλήνης 8 & Πατησίων 107, 112 51
Τ: +30 210 8899600

MC Thessaloniki Campus Library
Ίωνος Δραγούμη 21, 54625 | Ίωνος Δραγούμη 15, 54625
Τ: +30 2310 287779 – Τ: +30 2314 440300